[Event "3rd Sharjah Masters 2019"]
[Site "Sharjah"]
[Date "2019.03.25"]
[Round "4.2"]
[White "Inarkiev, Ernesto"]
[Black "Nihal, Sarin"]
[Result "1-0"]
[WhiteElo "2692"]
[BlackElo "2578"]
[Annotator "TA"]
[PlyCount "101"]
[EventDate "2019.03.22"]
[EventType "swiss"]
[EventCountry "UAE"]
[SourceTitle "playchess.com"]
[Source "ChessBase"]
[SourceQuality "1"]

{[%evp 24,101,50,28,40,31,76,87,82,45,36,27,37,32,24,39,27,24,43,35,68,75,68,40,56,59,46,40,84,77,83,65,69,66,71,66,124,101,147,107,117,93,218,196,217,208,207,206,232,228,216,154,222,96,245,182,241,240,414,343,450,394,1045,1062,1055,1032,1055,1039,2344,2189,29976,29966,5269,1438,29990,29978,29978,29972,6275,5285]} 1. e4 c5 2. Nf3 d6 3. d4 cxd4 4. Nxd4 Nf6 5. Nc3 Nc6 6. Bg5 e6 7. Qd2 a6 8. O-O-O Be7 9. f4 Bd7 10. Nf3 b5 11. Bxf6 gxf6 12. Kb1 Qb6 13. Bd3 O-O-O {B69: Sicilian: Richter-Rauzer: 7...a6 8 0-0-0 Bd7 9 f4 Be7 10 Nf3 b5 11 Bxf6} 14. Rhe1 {[#]} Na5 $146 ({Predecessor:} 14... Rhe8 15. f5 Rg8 16. Bf1 Ne5 17. Nd4 Kb8 18. Qh6 Bc8 19. g3 Rde8 20. Bh3 Bd8 21. Nce2 {1-0 (32) Shirov,A (2643)-Jumabayev,R (2602) St Petersburg 2018}) 15. f5 Kb8 {White is better.} 16. fxe6 fxe6 17. Ne2 Nc6 18. Nf4 Ne5 19. Bf1 Ng6 20. g3 Nxf4 21. gxf4 Rhe8 22. Bh3 Bf8 23. Qc3 e5 {[#] aiming for ...b4.} 24. Bxd7 Rxd7 25. fxe5 fxe5 26. Nh4 Rc8 27. Qf3 Bh6 28. Nf5 $36 {[%mdl 2048] White is pushing.} Bf4 29. h4 Rc6 ({Black should try} 29... Rc5 $14) 30. Re2 Rdc7 31. Qh5 Qc5 32. Qe8+ Ka7 (32... Rc8 $16 33. Qe6 d5 34. Qxd5 Rg6) 33. Ne7 $18 Rb6 {[#] Threatens to win with ...Rb8.} 34. Nd5 Rc8 35. Qe6 Qc4 36. Rg2 Rb7 37. Qf5 (37. Qxd6 Qxe4 38. Rf2 Bg3 $14) 37... Bh6 (37... Rcb8 $16 {might work better.} 38. b3 (38. Nxf4 Rf7 $16) 38... Qc8 39. Nxf4 Qxf5 40. exf5 exf4) 38. a3 (38. b3 $18 {and White stays clearly on top.} Qc6 39. Qe6) 38... a5 (38... Rf8 $16 39. Qg4 Bf4) 39. Qf2+ Ka6 (39... Qc5 {was necessary.} 40. Qf6 Bg7) 40. Qe1 Qc5 $2 (40... Rf7 41. b3 Qc5) 41. Rd3 Rbb8 42. Rf2 b4 $2 (42... Bf4 43. Rg2 Qa7) 43. axb4 axb4 44. Rb3 Rb5 45. Nxb4+ Ka7 46. Rf7+ Rc7 47. Rxc7+ Qxc7 48. Qf2+ (48. Qf1 $142 Qb7 49. Qc4) 48... Qc5 49. Qf7+ Ka8 50. Ra3+ Ra5 51. Qg8+ {Accuracy: White = 64%, Black = 33%.} 1-0

[Event "3rd Sharjah Masters 2019"]
[Site "Sharjah"]
[Date "2019.03.25"]
[Round "4.3"]
[White "Fier, Alexandr"]
[Black "Wang, Hao"]
[Result "0-1"]
[WhiteElo "2551"]
[BlackElo "2718"]
[Annotator "TA"]
[PlyCount "64"]
[EventDate "2019.03.22"]
[EventType "swiss"]
[EventCountry "UAE"]
[SourceTitle "playchess.com"]
[Source "ChessBase"]
[SourceQuality "1"]

{[%evp 13,64,6,29,-24,12,-2,-6,-31,0,0,0,0,0,-1,-14,-14,-13,-37,-48,-45,-37,-47,-52,-58,-62,-84,-83,-83,-85,-90,-102,-244,-236,-285,-283,-275,-294,-328,-310,-288,-295,-341,-338,-522,-522,-521,-464,-899,-785,-791,-745,-1120,-766]} 1. d4 Nf6 2. c4 e6 3. Nc3 Bb4 4. Qc2 O-O 5. Nf3 d6 6. Bd2 b6 {E32: Nimzo-Indian: Classical (4 Qc2): 4...0-0} 7. e4 e5 {LiveBook: 7 Games} 8. d5 (8. dxe5 $142 dxe5 9. Nxe5) 8... Nh5 $146 {Black has an edge.} ({Predecessor:} 8... Nbd7 9. a3 Bxc3 10. Bxc3 a5 11. b4 axb4 12. axb4 Rxa1+ 13. Bxa1 Nh5 14. g3 {½-½ (39) Kouatly,B (2440)-Petursson,M (2530) Marseille 1988}) 9. g3 f5 10. Be2 fxe4 11. Nxe4 Bxd2+ 12. Nfxd2 Nf6 13. O-O Nxe4 14. Nxe4 a5 15. f4 exf4 16. Bd3 Na6 17. a3 h6 18. gxf4 Qh4 19. Qd2 Nc5 20. Nxc5 bxc5 21. Rf2 a4 22. f5 {[#]} (22. Bc2 $17) 22... Bxf5 $1 $19 {[%mdl 512]} 23. Bxf5 Rxf5 24. Rxf5 Qg4+ 25. Qg2 Qxf5 {[%mdl 4096] Endgame KQR-KQR} 26. Re1 Rb8 27. h3 Qf6 28. Kh1 (28. Re2 $142) 28... Rxb2 {Black is clearly winning.} 29. Qg4 Rb8 30. Kg2 (30. h4 $142) 30... Qb2+ 31. Re2 Qxa3 32. Qg6 Rf8 {Precision: White = 32%, Black = 76%.} 0-1

[Event "3rd Sharjah Masters 2019"]
[Site "Sharjah"]
[Date "2019.03.25"]
[Round "4.4"]
[White "Fedoseev, Vladimir"]
[Black "Debashis, Das"]
[Result "1-0"]
[WhiteElo "2715"]
[BlackElo "2532"]
[Annotator "TA"]
[PlyCount "127"]
[EventDate "2019.03.22"]
[EventType "swiss"]
[EventCountry "UAE"]
[SourceTitle "playchess.com"]
[Source "ChessBase"]
[SourceQuality "1"]

{[%evp 9,127,17,17,15,27,28,16,15,23,15,28,15,27,11,15,8,76,3,12,8,14,10,8,-6,5,0,0,0,0,0,14,12,11,5,26,25,22,-150,-143,-152,-147,-150,-145,-133,-119,-127,-127,-137,-119,-138,-155,-133,-111,-146,-100,-112,-101,-88,-85,-77,-29,-64,-24,-31,0,-100,-95,-99,-97,-90,-98,-93,-74,-126,-93,-98,-48,-43,-27,-20,-16,-41,-23,-41,-41,-95,-41,-54,-41,-50,-41,-59,-73,-58,-56,-75,-70,-79,-54,-71,-70,-209,-132,-142,115,107,723,711,810,803,810,803,763,750,2383,2251,29980,29981,29981,29982]} 1. e4 e5 2. Nf3 Nf6 3. Nxe5 d6 4. Nf3 Nxe4 5. Bd3 Nf6 6. O-O {C42: Petroff Defence: 3 Nxe5 and unusual White 3rd moves} Be7 7. c3 O-O 8. Bc2 {The position is equal.} Bg4 (8... c5 9. d4 Be6 10. Re1 Re8 11. Bg5 Nbd7 12. Nbd2 Qb6 13. dxc5 dxc5 {½-½ (54) Shankland,S (2725)-Mamedyarov,S (2817) Wijk aan Zee 2019}) 9. d4 Bh5 10. Re1 Nbd7 11. Bg5 Re8 12. Nbd2 Bg6 $146 (12... Nd5 $11 13. Bxe7 Rxe7) ({Predecessor:} 12... d5 13. Bf5 c6 {½-½ (33) Xiong,J (2672)-Bai,J (2572) Burlingame 2019}) 13. Bb3 (13. Bxg6 $16 hxg6 14. Qb3) 13... h6 14. Bf4 c6 15. h3 d5 16. c4 Nb6 17. c5 Nbd7 18. Bc2 Bxc2 19. Qxc2 Bf8 20. a3 Rxe1+ 21. Rxe1 Qa5 22. Qd3 Qa4 23. Ra1 $2 {[#]} ({White must play} 23. g3 $1 $11) 23... Nxc5 $1 $17 {[%mdl 64] Pin} 24. Qb1 Nce4 25. Qd3 Qa5 26. b4 Qd8 27. Nb3 Bd6 28. Be5 Bxe5 29. dxe5 Nd7 30. Re1 Qc7 31. Qe3 a6 ({Inferior is} 31... Nxe5 32. Nxe5 Qxe5 33. f3 $11) 32. e6 fxe6 33. Nfd2 Ndf6 34. Nxe4 Nxe4 35. f3 Nf6 {Threatens to win with ...Re8.} 36. Qxe6+ Qf7 37. Na5 (37. Qd6 $1 $11) 37... Qxe6 38. Rxe6 {[%mdl 4096] Endgame KRN-KRN} Kf7 39. Re2 Rb8 40. Kf2 Ne8 41. Rc2 (41. Nb3 $142) 41... Nd6 42. a4 Ke6 43. Nb3 Re8 44. Nc5+ Kf6 45. h4 h5 46. Rc1 Re7 47. Rg1 (47. a5 $15) 47... Nf7 (47... Nf5 $17 48. g3 Nd4) 48. Rd1 Nd8 49. Nd3 Ne6 50. Re1 {[#]} a5 $1 {[%mdl 512]} 51. bxa5 c5 52. g4 hxg4 53. fxg4 Rf7 (53... c4 $5 {[%cal Rc4d3]} 54. g5+ Kf5 55. Re5+ Kg4 $17) 54. g5+ Ke7+ 55. Kg3 (55. Ke3 $1 $15) 55... Kd6 56. Rb1 {Rb6+ is the strong threat.} Nd4 $2 {[%mdl 8192]} (56... d4 $17 {and life is bright.} 57. g6 Rc7) 57. Rb6+ $16 Nc6 $2 {[%mdl 8192] [#]} (57... Kc7 $16 58. Nxc5 Rf3+ 59. Kg4 Rc3) 58. a6 $1 $18 {[%cal Ba5a6,Ba6b7][%mdl 32]} Rf8 59. axb7 Kc7 60. Nxc5 Kxb6 61. Nd7+ {[%mdl 64] Double Attack} Ka5 62. Nxf8 d4 63. Nd7 Kxa4 {[#]} 64. Ne5 $1 {[%mdl 512] Accuracy: White = 48%, Black = 36%.} 1-0

[Event "3rd Sharjah Masters 2019"]
[Site "Sharjah"]
[Date "2019.03.25"]
[Round "4.5"]
[White "Sargissian, Gabriel"]
[Black "Megaranto, Susanto"]
[Result "1-0"]
[WhiteElo "2689"]
[BlackElo "2526"]
[Annotator "TA"]
[PlyCount "77"]
[EventDate "2019.03.22"]
[EventType "swiss"]
[EventCountry "UAE"]
[SourceTitle "playchess.com"]
[Source "ChessBase"]
[SourceQuality "1"]

{[%evp 17,77,36,53,0,0,23,70,0,0,0,0,0,0,0,0,-11,-10,-37,-38,-47,-20,-42,-32,-43,-20,-24,-12,-24,-10,-10,0,0,0,0,0,0,25,0,0,0,25,25,25,25,25,0,0,0,5,28,40,0,25,25,26,27,29977,29978,29978,29979,29979,29980]} 1. d4 d5 2. c4 Nc6 3. Nf3 Bg4 4. cxd5 Bxf3 5. gxf3 Qxd5 6. e3 e5 7. Nc3 Bb4 8. Bd2 Bxc3 9. bxc3 Qd6 10. f4 {D07: Queen's Gambit: Chigorin Defence} (10. Qb3 $14) (10. Rb1 O-O-O 11. Qb3 b6 12. Qxf7 Kb8 13. Qc4 Qf6 14. Bg2 Nge7 15. f4 exf4 16. exf4 Na5 17. Qa6 Qe6+ 18. Be3 {½-½ (71) Hammer,J (2682)-Rapport,R (2693) Reykjavik 2015}) 10... exf4 $11 11. e4 O-O-O 12. Bg2 ({Better is} 12. Qg4+ $1 $14 Kb8 13. Qxf4 (13. Qxg7 $2 Nf6 $19)) 12... Nge7 13. Qg4+ {[#]} f5 $1 {[%cal Rf5g4][%mdl 512]} 14. Qxf4 $146 (14. exf5 Ne5) ({Predecessor:} 14. exf5 f3 15. Bh3 Kb8 16. Qxf3 Rhf8 17. O-O Nxf5 18. Bxf5 {0-1 (44) Hernandez,G-Geenen,M (2325) Thessaloniki 1988}) 14... Qxf4 15. Bxf4 fxe4 16. Bxe4 Nd5 17. Bxd5 Rxd5 18. Kd2 Re8 {Strongly threatening ...Nxd4!} 19. Be3 Rh5 20. h4 Re4 21. Rag1 $1 {[%cal Rg1g7]} g6 22. Bg5 Kd7 23. Kd3 Re8 24. Be3 Rf8 25. Rg5 Rf5 26. Rhg1 Nd8 27. Rxf5 Rxf5 28. Rg5 Rxg5 29. hxg5 {[%mdl 4096] Endgame KB-KN} c6 30. c4 Nf7 31. Bf4 Ke6 32. Ke4 Nd6+ 33. Bxd6 Kxd6 {KP-KP} 34. d5 a6 35. dxc6 bxc6 36. Kd4 {c5+ is the strong threat.} a5 $2 {[%mdl 8192]} (36... Ke6 $11) 37. c5+ {White mates.} Ke6 38. Ke4 a4 {[#]} 39. a3 $1 {Accuracy: White = 58%, Black = 38%.} 1-0

[Event "3rd Sharjah Masters 2019"]
[Site "Sharjah"]
[Date "2019.03.25"]
[Round "4.6"]
[White "Gukesh, D."]
[Black "Kryvoruchko, Yuriy"]
[Result "0-1"]
[WhiteElo "2529"]
[BlackElo "2680"]
[Annotator "TA"]
[PlyCount "138"]
[EventDate "2019.03.22"]
[EventType "swiss"]
[EventCountry "UAE"]
[SourceTitle "playchess.com"]
[Source "ChessBase"]
[SourceQuality "1"]

{[%evp 15,138,31,30,13,0,2,18,0,0,-37,-31,-40,-14,-29,-28,-86,-91,-102,-92,-111,-100,-140,-146,-140,-150,-149,-151,-147,-138,-162,-139,-140,-107,-119,-132,-121,-68,-64,-54,-63,-51,-49,-51,-35,-39,-100,-92,-97,-93,-124,-111,-136,-122,-251,-247,-240,-237,-354,-353,-442,-443,-436,-422,-400,-441,-408,-422,-394,-390,-361,-389,-828,-865,-29958,-29957,-8943,-6442,-5414,-5414,-12845,-907,-850,-850,-579,-514,-1516,-1453,-1299,-1208,-608,0,-619,-556,-522,-515,-8349,-6949,-5389,-6390,-29982,-29983,-29983,-29984,-29984,-29979,-29979,-29980,-29980,-29981,-29981,-29982,-29982,-29983,-29984,-29985,-29986,-29985,-29985,-29986,-29985,-29986,-29989,-29990,-29990,-29987]} 1. Nf3 d5 2. g3 g6 3. Bg2 Bg7 4. d4 c6 5. O-O Nf6 6. b3 O-O 7. Bb2 Bf5 8. c4 Nbd7 9. e3 {D78: Fianchetto Grünfeld: 6 0-0 c6} dxc4 10. bxc4 {[#]} e5 $1 {[%mdl 512]} 11. Nc3 {The position is equal.} (11. dxe5 Ne4) 11... Qa5 $146 ({Predecessor:} 11... Re8 12. h3 exd4 13. Nxd4 Ne5 14. Nxf5 Qxd1 15. Nxd1 gxf5 16. Bxe5 Rxe5 {1-0 (34) Vachier Lagrave,M (2789)-Kramnik,V (2812) Paris 2016}) 12. d5 cxd5 13. cxd5 Rac8 14. Rc1 Ne4 {[%cal Rc8c3]} 15. Qa4 (15. Qb3 $11 {remains equal.}) 15... Qxa4 $17 16. Nxa4 b5 $36 {[%mdl 2048] Keeping White busy.} 17. Nc3 Nec5 $1 {[%cal Rc5d3] And now ...Nd3 would win.} 18. Ne1 Bd3 19. Nxd3 Nxd3 20. Nxb5 Nxb2 (20... Nxc1 21. Bxc1 Rc2 22. Nxa7 $15) 21. Nxa7 Rc4 22. Nc6 Ra8 23. d6 Ra6 (23... Rxa2 $6 24. Bd5 $11) 24. Ne7+ Kf8 $1 25. Bc6 Nb8 (25... Rxc1 $17 26. Rxc1 Nd3) 26. Bb5 $15 Rxc1 ({Don't play} 26... Rxd6 $6 27. Nxg6+ $1 {[%mdl 512]} hxg6 28. Bxc4 $14) 27. Rxc1 {[%cal Rc1c8]} Rxd6 {[#]} 28. Nxg6+ $1 {[%mdl 512]} hxg6 (28... Rxg6 29. Rc8+) 29. Rc8+ Ke7 30. Re8+ ({Better is} 30. Rxb8 $15 Rd1+ 31. Kg2) 30... Kf6 $17 31. Rxb8 e4 32. a4 Rd1+ $1 33. Kg2 Nd3 34. a5 (34. h4 $17 {was necessary.}) 34... Ne1+ $1 $19 35. Kh3 Rd2 $1 {[%cal Rd2f2]} 36. a6 (36. f4 $142 exf3 37. a6) 36... Rxf2 {Threatens to win with ...Kg5.} ({Not} 36... Ra2 37. Rb7 $11) 37. a7 Nf3 38. Be2 Rxe2 ({Don't go for} 38... Rxh2+ $2 39. Kg4 $18) 39. a8=Q {Hoping for Rb5.} Kg5 $1 {[%csl Gf3][%cal Re2h2]} 40. Rb5+ f5 {[%csl Gf3][%cal Re2h2]} 41. g4 {Strongly threatening Qxe4.} Rxe3 {[%csl Gg5][%cal Rf3h4]} 42. Kg2 {Black must now prevent gxf5.} Kxg4 43. h3+ $2 (43. Qa7 Re2+ 44. Kf1 Re1+ 45. Kg2) 43... Kf4 $1 44. Qa2 Rd3 45. Rd5 Bd4 46. Qe2 Nh4+ 47. Kh2 Bg1+ (47... Rg3 $142 48. Qf1+ Nf3+ 49. Kh1 Rg1+ 50. Qxg1 Bxg1) 48. Kxg1 Rxd5 {[%mdl 4096] Endgame KQ-KRN} 49. Qh2+ Kg5 {( -> ...Nf3+)} 50. Qg3+ (50. Qc7 $142 Rd1+ 51. Kf2) 50... Kh5 51. Qc7 Nf3+ 52. Kf2 Ng5 $2 (52... Rd2+ $19 53. Kf1 e3 54. Qh7+ Kg5 55. Qe7+ Kf4 56. Qc7+ Ne5) 53. h4 $2 {[%mdl 8192] [#]} (53. Qc3 $11 Nf3 54. Qg7) 53... Rd2+ $1 54. Kf1 {[#]} Nh3 $1 55. Qh7+ (55. Ke1 $142 Rf2 56. Qh7+ Kg4 57. Qxg6+ Kxh4 58. Qh7+ Kg3 59. Qg6+ Kh2 60. Qh7) 55... Kg4 56. Qxg6+ Kf3 {[%cal Rd2d1]} 57. Qxf5+ Nf4 {[%cal Rd2d1] Black mates.} 58. Ke1 e3 59. Qf6 Rc2 {[%cal Rc2c1]} 60. Kd1 Rc5 61. Qe7 e2+ 62. Kd2 Rd5+ 63. Kc2 Kf2 64. Qa7+ Kf1 65. Qa6 Kg2 66. Qa1 Nd3 67. Qg7+ Kh3 68. Qf7 e1=Q 69. Qf3+ Qg3 {Accuracy: White = 39%, Black = 88%.} 0-1

[Event "3rd Sharjah Masters 2019"]
[Site "Sharjah"]
[Date "2019.03.25"]
[Round "4.7"]
[White "Maghsoodloo, Parham"]
[Black "Stany, G.A."]
[Result "1-0"]
[WhiteElo "2673"]
[BlackElo "2507"]
[Annotator "TA"]
[PlyCount "89"]
[EventDate "2019.03.22"]
[EventType "swiss"]
[EventCountry "UAE"]
[SourceTitle "playchess.com"]
[Source "ChessBase"]
[SourceQuality "1"]

{[%evp 13,88,10,10,9,14,12,14,19,18,20,25,8,14,9,14,16,15,10,19,0,0,0,0,0,0,0,0,0,0,0,0,0,0,-3,25,20,46,50,86,75,193,54,97,97,97,97,100,75,75,20,21,23,97,97,97,97,96,88,89,90,103,102,103,103,93,40,42,22,27,14,14,14,61,80,163,126,29999]} 1. Nf3 Nf6 2. c4 e6 3. g3 d5 4. Bg2 dxc4 5. Qa4+ c6 6. Qxc4 b5 7. Qc2 Bb7 8. a4 {A13: English Opening: 1...e6} a6 9. O-O Nbd7 10. Nc3 {The position is equal.} Rc8 11. Rd1 Be7 12. d3 O-O 13. e4 h6 14. h3 {[#]} Re8 $146 ({Predecessor:} 14... Qb6 15. Be3 c5 16. axb5 axb5 {½-½ (28) Sargissian,G (2677)-Xu,Y (2538) Moscow 2018}) 15. Be3 e5 16. d4 exd4 17. Nxd4 {And now e5! would win.} b4 18. Nb1 {[%cal Bc3b1,Bb1d2,Bd2c4,Bc4d6][%mdl 32]} c5 19. Nf5 {e5! is the strong threat.} Bf8 {[%cal Rb7e4]} 20. Nd2 c4 $1 21. Nxc4 {aiming for Qe2.} Bxe4 22. Bxe4 Rxe4 23. b3 $36 {[%mdl 2048] White has some pressure.} Qe8 {Strongly threatening ...Ne5.} 24. Qe2 $1 {Black must now prevent Nfd6.} Qe6 25. Nfd6 Bxd6 26. Nxd6 Qxh3 (26... Rxe3 $16 27. Qxe3 Qxe3 28. fxe3 Rc3) 27. Qf1 (27. Nxc8 $2 {is the wrong capture.} Ne5 $19) (27. Nxe4 Nxe4 28. Bd4 Ng5 $16) (27. Qxa6 $18 Rce8 28. Qf1 (28. Nxe8 Ng4 $11) (28. Nxe4 Nxe4 29. Qf1 Qg4 $16) 28... Qxf1+ 29. Kxf1 Rxe3 30. fxe3) 27... Qxf1+ 28. Kxf1 Rxe3 29. Nxc8 ({Of course not} 29. fxe3 $6 Rc3 $11) 29... Rxb3 30. Ne7+ Kh7 31. Nc6 (31. Rab1 $16 Rxb1 32. Rxb1) 31... Nc5 $1 $11 {Threatening ...Nfe4.} 32. Rd4 Ra3 {[#]} (32... Rc3 $11 33. Rxb4 Nd3) 33. Rxa3 $1 $16 bxa3 {[%mdl 4096] Endgame KRN-KNN} 34. Rd2 Nxa4 35. Ra2 Nc5 36. Rxa3 Nfd7 37. Ke2 {[%mdl 1024] White has strong compensation.} h5 38. Ke3 g5 39. Nd8 (39. Ra5 $16) 39... Kg6 $14 40. Kd4 a5 41. Kd5 a4 42. Kd6 f6 43. Nc6 Kf5 {[#]} (43... h4 $16) 44. f3 $1 $18 {[%cal Rc6e7]} h4 $2 {[%mdl 8192]} (44... Kg6 $16) 45. Ne7# {Accuracy: White = 62%, Black = 57%.} 1-0

[Event "3rd Sharjah Masters 2019"]
[Site "Sharjah"]
[Date "2019.03.25"]
[Round "4.8"]
[White "Vishnu, Prasanna. V"]
[Black "Sjugirov, Sanan"]
[Result "1/2-1/2"]
[WhiteElo "2524"]
[BlackElo "2667"]
[Annotator "TA"]
[PlyCount "74"]
[EventDate "2019.03.22"]
[EventType "swiss"]
[EventCountry "UAE"]
[SourceTitle "playchess.com"]
[Source "ChessBase"]
[SourceQuality "1"]

{[%evp 11,74,29,26,15,26,24,33,20,43,5,2,9,5,0,0,0,17,20,26,20,21,15,18,16,28,23,64,36,30,17,125,58,55,62,84,100,111,12,23,16,19,16,30,14,25,16,34,34,34,34,34,34,34,34,34,50,34,0,0,0,0,0,18,0,0]} 1. e4 c5 2. Nf3 d6 3. Bb5+ Bd7 4. Bxd7+ Nxd7 5. O-O Ngf6 6. Qe2 Rc8 7. Rd1 {B52: Sicilian: Moscow Variation with 3...Bd7} (7. c3 e6 8. d4 cxd4 9. cxd4 d5 10. e5 Ne4 11. Be3 Nb6 12. Ne1 f5 13. f3 Ng5 14. b3 Nf7 {½-½ (30) Mamedov,R (2680)-Ivanchuk,V (2729) Kocaeli 2017}) 7... Qc7 8. b3 Qc6 $146 ({Predecessor:} 8... g6 9. Bb2 Bg7 10. Na3 O-O 11. Rac1 a6 12. c4 e5 13. Nb1 Nb8 14. Nc3 Nc6 {0-1 (55) Spanton,T (1943)-Ahrends,N (1898) Marianske Lazne 2019}) 9. Nc3 {White is slightly better.} e5 10. Nd5 Nxd5 11. exd5 Qc7 12. d4 cxd4 13. Nxd4 g6 14. Nb5 Qb8 $1 ({Don't play} 14... Qxc2 $6 15. Bd2 $16) 15. a4 Be7 16. Bh6 a6 17. Na3 $1 $36 {[%mdl 2048] White has the initiative.} f5 18. Nc4 b6 19. g4 Rg8 20. Kh1 Qb7 {[#]} (20... f4 $11) 21. gxf5 (21. f4 $1 $16) 21... gxf5 $14 22. Ne3 {aiming for f4.} f4 {[#]} 23. Nf5 $1 {Qh5+ is the strong threat.} Nf6 {Threatening ...Qd7.} 24. Bxf4 ({White should try} 24. c4 $16) 24... Qd7 $11 25. Nxe7 Kxe7 26. Bg3 Qf5 27. c4 Ne4 28. Rg1 {With the idea Rae1.} Kd7 29. Rae1 Rg4 30. f3 Nxg3+ 31. Rxg3 Rxg3 32. hxg3 $14 {[%mdl 4096] Endgame KQR-KQR} h5 33. Kg2 Rg8 34. Qf2 h4 {The position is equal.} 35. g4 h3+ $1 36. Kg1 Qf4 37. Re4 Rxg4+ {Accuracy: White = 45%, Black = 48%.} 1/2-1/2

[Event "3rd Sharjah Masters 2019"]
[Site "Sharjah"]
[Date "2019.03.25"]
[Round "4.9"]
[White "Sindarov, Javokhir"]
[Black "Firouzja, Alireza"]
[Result "0-1"]
[WhiteElo "2505"]
[BlackElo "2657"]
[Annotator "TA"]
[PlyCount "95"]
[EventDate "2019.03.22"]
[EventType "swiss"]
[EventCountry "UAE"]
[SourceTitle "playchess.com"]
[Source "ChessBase"]
[SourceQuality "1"]

{[%evp 14,95,32,24,18,7,17,10,23,13,36,26,30,1,0,0,12,-12,0,0,12,12,29,-25,-18,-6,-25,-11,0,0,0,-23,-33,-78,-66,-85,-86,-208,-187,-226,-226,-229,-228,-236,-235,-223,-149,-132,-141,-126,-128,-254,-256,-245,-247,-253,-272,-263,-268,-277,-258,-252,-250,-295,-289,-273,-293,-276,-276,-260,-259,-238,-228,-332,-332,-320,-317,-445,-437,-452,-450,-453,-400,-1505]} 1. e4 c5 2. Nf3 d6 3. d4 cxd4 4. Nxd4 Nf6 5. Nc3 a6 6. h3 e6 7. g4 Be7 8. Bg2 Nfd7 {B81: Sicilian Scheveningen: Keres Attack} 9. Be3 Nc6 10. h4 Nde5 {The position is equal.} (10... O-O 11. g5 Nde5 12. Qe2 Nxd4 13. Bxd4 Nc6 14. Be3 Bd7 15. f4 {½-½ (30) Dominguez Perez,L (2739)-Grischuk,A (2766) Saint Louis 2018}) 11. Qe2 Nxd4 $146 ({Predecessor:} 11... Bd7 12. g5 b5 13. f4 Nc4 14. Nxc6 Bxc6 15. Bc1 {1-0 (71) Abdumalik,Z (2449)-Mammadzada,G (2333) Riadh 2017}) 12. Bxd4 Bxh4 13. O-O-O Bg5+ 14. Kb1 {Threatens to win with Bxe5.} Bd7 15. Be3 {And now f4 would win.} (15. Qf1 {looks sharper.} Bf4 16. Rh3 Nxg4 17. Bxg7 Rg8 18. Bd4) 15... Bxe3 16. Qxe3 Bc6 17. f4 Ng6 18. Rd2 (18. Ne2 $142) 18... Qc7 $11 19. f5 Ne5 {aiming for ...Nc4.} 20. Qg5 Qe7 21. Qxg7 {[%mdl 64] Double Attack} O-O-O 22. g5 Rhg8 $36 {[%mdl 2048] Black is more active.} 23. Qf6 Qxf6 24. gxf6 exf5 25. b3 (25. Bh3 $17) 25... f4 26. Rf2 Rg3 27. Bh3+ Kb8 28. Ne2 Bxe4 29. Rxf4 Re3 ({Much less strong is} 29... Bxh1 30. Nxg3 Bf3 31. Nf5 $17) 30. Rh2 Nf3 31. Rf2 Ng5 32. Bg4 {[#]} (32. Bg2 $17 {keeps fighting.}) 32... h5 $1 $19 {[%mdl 576] Deflection} 33. Bxh5 {[#] Black should prevent Rg4.} Nh3 $1 34. Rxe4 Rxe4 35. Rg2 Rf8 36. Rg7 Re5 37. Ng3 Ng5 38. c4 d5 39. cxd5 Rxd5 40. Kb2 Kc7 41. Ne2 Re5 42. Nc3 Kd8 43. b4 (43. a4 $142) 43... Ke8 44. Bd1 Rh8 45. Bb3 (45. Na4 $142) 45... Kf8 46. Nd5 Rh6 47. Kc3 {[#]} Rxf6 $1 {[%mdl 512]} 48. Kd4 {Accuracy: White = 29%, Black = 76%.} (48. Rg8+ $142 Kxg8 49. Nxf6+ Kg7 50. Nd7) (48. Nxf6 Kxg7) 0-1